| 000 | 00810nam a2200229Ia 4500 | ||
|---|---|---|---|
| 005 | 20250508170152.0 | ||
| 008 | 008 250505s9999 xx 000 0 eng d | ||
| 020 | _a978-1-138-78788-9 | ||
| 037 | _aReference | ||
| 040 |
_aFEDL _beng _cFEDL |
||
| 041 |
_aeng _2eng |
||
| 084 |
_a372.4, KUC/RR _qFEDL |
||
| 100 |
_aKucirkova Natalia Ed. _9478767 |
||
| 245 | 0 | _aRoutledge International handbook of early literacy education: A contemporary guide to literacy teaching and interventions in a global context | |
| 260 |
_aLondon, UK _bRoutledge _c2017 |
||
| 300 | _axxv, 391p. | ||
| 365 |
_aGBP _b190 |
||
| 490 | _aRoutledge International Handbook series | ||
| 700 |
_a Snow Catherine E Ed. Crover Vibeke and others Ed. _9783295 |
||
| 942 |
_cREF _h372.4, KUC/RR |
||
| 999 |
_c1399597 _d1399597 |
||